Výnimoční

Bibliographic Details
Main Author: Petrašková, Erika (Author)
Format: Article
Language:Slovak
PhysicalDescription:Fotogr.
ISSN:0231-6463
Subjects:

MARC

LEADER 00000nab a2200000 a 4500
001 vtls010502054
003 SK-MaSNL
005 20260303162022.0
008 140417c2013 xo mr|p|||| |000 b|slo
015 |a SNBRB2013/04 
038 |a SPK 
040 |a SPKCL  |b slo  |c AACR2  |e AACR2 
041 0 |a slo 
044 |a xo  |c SK 
072 7 |a 929  |x Biografie  |2 konspekt 
072 7 |a 17  |x Etika. Morálna filozofia  |2 konspekt 
080 |a 929  |x (100)  |2 2001 
080 |a 17.024.4  |2 2001 
100 1 |a Petrašková, Erika  |4 aut  |9 812322 
245 1 0 |a Výnimoční  |c Erika Petrašková 
300 |b Fotogr. 
650 0 7 |a osobnosti  |2 snkbucl  |9 29820 
650 0 7 |a úspech  |2 snkbucl  |9 3804 
650 0 7 |a príčiny  |2 snkbucl  |9 276784 
655 7 |a recenzie  |2 snkbucl  |9 21907 
773 0 |t Rodina a škola  |g Roč. 61, č. 3 (2013), s. 14-15  |x 0231-6463 
787 0 8 |i Rec.:  |a Gladwell, Malcolm  |t Výnimoční  |d Bratislava : Ikar, 2009  |z 9788055120669 
852 |a SPK  |b KIS3GCP 
958 |a RC  |2 snkbucl 
999 |c 2051849  |d 2053779